[Event "14th Africa-ch"]
[Site "Livingstone ZAM"]
[Date "2018.05.18"]
[Round "7.8"]
[White "Mabusela, Johannes Manyesi"]
[Black "Phiri, Richmond"]
[Result "1/2-1/2"]
[WhiteElo "2260"]
[BlackElo "2317"]
[EventDate "2018.05.13"]
[PlyCount "42"]

1.d4 Nf6 2.c4 e6 3.Nc3 d5 4.cxd5 Nxd5 5.e4 Nxc3 6.bxc3 c5 7.Nf3 cxd4 8.
cxd4 Bb4+ 9.Bd2 Bxd2+ 10.Qxd2 O-O 11.Be2 b6 12.O-O Bb7 13.Qf4 Nc6 14.Rfd1 
Qb8 15.Qh4 Qd8 16.Qf4 Qb8 17.Qh4 Qd8 18.Qf4 Qb8 19.Qh4 Qd8 20.Qf4 Qb8 21.
Qh4 Qd8 1/2-1/2

[Event "14th Africa-ch"]
[Site "Livingstone ZAM"]
[Date "2018.05.18"]
[Round "7.9"]
[White "Dimba, James"]
[Black "Bwalya, Gillan"]
[Result "0-1"]
[WhiteElo "2044"]
[BlackElo "2271"]
[EventDate "2018.05.13"]
[PlyCount "106"]

1.e4 c5 2.Nc3 a6 3.f4 b5 4.g3 b4 5.Nd5 e6 6.Ne3 Bb7 7.Bg2 Nf6 8.d3 d5 9.e5
Nfd7 10.Nf3 Nc6 11.O-O Be7 12.c3 a5 13.d4 g6 14.g4 h5 15.h3 hxg4 16.hxg4 
Qb6 17.g5 a4 18.a3 bxc3 19.bxc3 Na5 20.Kf2 Nb3 21.Rb1 Ba6 22.Re1 Qa5 23.
Bb2 Rb8 24.Kg3 Qc7 25.Bf1 Bxf1 26.Rxf1 Rb7 27.Rh1 Rf8 28.Rh2 Nb6 29.Qd3 
Qc6 30.Rd1 Na5 31.Bc1 Nbc4 32.dxc5 Bxc5 33.Nc2 Nb3 34.Nb4 Qb5 35.Bb2 Qd7 
36.Re2 Rh8 37.Nh2 Be7 38.Ng4 Nc5 39.Qd4 Ne4+ 40.Rxe4 Nxb2 41.Ree1 Nxd1 42.
Rxd1 Qb5 43.Qe3 Rc7 44.Kg2 Qc4 45.Rd3 Rh4 46.Kg3 Bxg5 47.Nxd5 exd5 48.Nf6+
Kf8 49.fxg5 Rh8 50.Rxd5 Qh4+ 51.Kf3 Rxc3 52.Rd3 Qh1+ 53.Kf4 Qf1+ 0-1

[Event "14th Africa-ch"]
[Site "Livingstone ZAM"]
[Date "2018.05.18"]
[Round "7.10"]
[White "Aderito, Pedro"]
[Black "Beukes, Dante M."]
[Result "1/2-1/2"]
[WhiteElo "2305"]
[BlackElo "1979"]
[EventDate "2018.05.13"]
[PlyCount "57"]

1.d4 Nf6 2.c4 g6 3.Nc3 Bg7 4.Nf3 O-O 5.e4 d6 6.Be2 e5 7.O-O Nc6 8.d5 Ne7 
9.b4 a5 10.Ba3 axb4 11.Bxb4 b6 12.a4 Re8 13.a5 c5 14.dxc6 Nxc6 15.Bxd6 
Rxa5 16.Rxa5 Nxa5 17.Bxe5 Qxd1 18.Rxd1 Nxe4 19.Nxe4 Bxe5 20.Nxe5 Rxe5 21.
Rd8+ Kg7 22.Rxc8 Rxe4 23.Kf1 Nb3 24.f3 Re6 25.Kf2 Nc1 26.Bf1 Nb3 27.Be2 
Nc1 28.Bf1 Nb3 29.Be2 1/2-1/2

[Event "14th Africa-ch"]
[Site "Livingstone ZAM"]
[Date "2018.05.18"]
[Round "7.11"]
[White "Khetho, Phemelo"]
[Black "Hoareau, Benjamin"]
[Result "1-0"]
[WhiteElo "2153"]
[BlackElo "1805"]
[EventDate "2018.05.13"]
[PlyCount "63"]

1.Nf3 c5 2.g3 Nc6 3.Bg2 g6 4.d3 Bg7 5.e4 e6 6.O-O Nge7 7.c3 b5 8.Be3 d6 9.
Qd2 O-O 10.Bh6 Rb8 11.Rd1 Bh8 12.Bxf8 Qxf8 13.Na3 b4 14.Nc4 Qd8 15.d4 Ba6 
16.Bf1 Bxc4 17.Bxc4 Qa5 18.Bb3 bxc3 19.bxc3 Nc8 20.Rab1 Nb6 21.dxc5 dxc5 
22.Qd6 c4 23.Bxc4 Qxc3 24.Be2 Rd8 25.Qc7 Rc8 26.Qf4 Qc2 27.Ba6 Rf8 28.h4 
e5 29.Qc1 Qxc1 30.Rbxc1 Nd4 31.Nxd4 exd4 32.Rc7 1-0

[Event "14th Africa-ch"]
[Site "Livingstone ZAM"]
[Date "2018.05.18"]
[Round "7.13"]
[White "Chiona, Richard"]
[Black "Manuel, Alberto"]
[Result "1/2-1/2"]
[WhiteElo "1900"]
[BlackElo "2133"]
[EventDate "2018.05.13"]
[PlyCount "76"]

1.d4 Nf6 2.Nf3 e6 3.e3 c5 4.Bd3 Nc6 5.a3 a5 6.O-O d5 7.b3 Qb6 8.Nc3 cxd4 
9.exd4 Bd7 10.Na4 Qa7 11.Bb2 Bd6 12.Re1 Rd8 13.Nc3 Bb8 14.Nb5 Qb6 15.c4 
Na7 16.a4 O-O 17.Ba3 Nxb5 18.axb5 dxc4 19.bxc4 Rfe8 20.Bc5 Qc7 21.b6 Qf4 
22.Qd2 Qg4 23.Qg5 Bc6 24.Qxg4 Nxg4 25.Be4 Bxe4 26.Rxe4 Nf6 27.Re2 Nd7 28.
Rxa5 Rc8 29.g3 e5 30.Kg2 f6 31.Nd2 Kf7 32.Re1 Rc6 33.Rb1 Rec8 34.Rbb5 exd4
35.Bxd4 Rd6 36.Be3 Rcc6 37.Rd5 Rxd5 38.Rxd5 Ke6 1/2-1/2

[Event "14th Africa-ch"]
[Site "Livingstone ZAM"]
[Date "2018.05.18"]
[Round "7.14"]
[White "Pillay, Ragul"]
[Black "Eichab, Charles"]
[Result "0-1"]
[WhiteElo "1366"]
[BlackElo "2029"]
[EventDate "2018.05.13"]
[PlyCount "58"]

1.d4 f5 2.c4 Nf6 3.Nc3 e6 4.g3 Bb4 5.Bd2 O-O 6.Bg2 c6 7.Qc2 d5 8.Rc1 Bd6 
9.f3 Nh5 10.e4 dxc4 11.e5 Be7 12.Nce2 g6 13.Qxc4 Qb6 14.b3 Na6 15.Nh3 Nb4 
16.a3 Nd5 17.a4 a6 18.Nhf4 Nhxf4 19.Nxf4 Rd8 20.Nd3 a5 21.h4 Qa7 22.Nc5 b6
23.Nd3 b5 24.axb5 cxb5 25.Qc2 Qxd4 26.Ke2 Ba6 27.Be3 Qxe3+ 28.Kd1 Nb4 29.
f4 Rxd3+ 0-1

[Event "14th Africa-ch"]
[Site "Livingstone ZAM"]
[Date "2018.05.18"]
[Round "7.15"]
[White "Chumfwa, Kelvin"]
[Black "Kolomwe, William"]
[Result "1-0"]
[WhiteElo "2279"]
[BlackElo "1538"]
[EventDate "2018.05.13"]
[PlyCount "99"]

1.d4 Nf6 2.c4 e6 3.Nf3 b6 4.g3 Bb7 5.Bg2 Be7 6.O-O d5 7.Ne5 Nbd7 8.Nc3 O-O
9.Bf4 Rc8 10.Qa4 Nxe5 11.dxe5 Nh5 12.cxd5 Nxf4 13.gxf4 Bxd5 14.Rfd1 Qe8 
15.Qxe8 Rfxe8 16.Bxd5 exd5 17.Rxd5 Red8 18.Rad1 Rxd5 19.Rxd5 Rd8 20.Rxd8+ 
Bxd8 21.Nd5 Kf8 22.Kg2 a5 23.Kf3 c6 24.Nc3 Ke7 25.a4 Ke6 26.Ke4 g6 27.e3 
Bh4 28.f3 Be7 29.Ne2 Bc5 30.Ng3 b5 31.b3 Bb6 32.f5+ Ke7 33.fxg6 hxg6 34.h4
Kf8 35.h5 Kg7 36.hxg6 fxg6 37.Ne2 Kf7 38.f4 Ke6 39.axb5 cxb5 40.Nd4+ Ke7 
41.Nxb5 Bc5 42.Nd4 Kd7 43.Kd5 Bb4 44.e6+ Ke8 45.e4 Bd2 46.f5 g5 47.f6 g4 
48.Nf5 Bb4 49.e5 Ba3 50.Nd6+ 1-0